| 000 | 00654nam a2200193 u 4500 | ||
|---|---|---|---|
| 001 | 000019537 | ||
| 005 | 20200929170042.0 | ||
| 008 | 100630s2004 dr abc r 000 0 spa d | ||
| 040 |
_aDO-SdBNP _bspa _cBNPHU |
||
| 082 |
_a362.57 _bM314p |
||
| 100 | 1 |
_aMangual, Fernando _911058 |
|
| 245 | 1 | 0 |
_aPobreza y planificación en la República Dominicana / _cFernando Mangual. |
| 260 |
_aSanto Domingo : _bSanmerycar, _c2004. |
||
| 300 |
_a83 p. : _bil., map. ; _c23 cm. |
||
| 650 | 4 |
_aPobreza _zRepública Dominicana _92079 |
|
| 651 | 4 |
_aRepública Dominicana _xCondiciones Sociales _946 |
|
| 651 | 4 |
_aRepública Dominicana _xPolítica Social _92627 |
|
| 049 | _aBNPD | ||
| 999 |
_c19053 _d19053 |
||